000 00646nam a22001937a 4500
003 OSt
005 20251020075905.0
008 251020b |||||||| |||| 00| 0 eng d
020 _a978-971-21-2109-0
040 _aDWCL - Main Lib
_cOC
082 _aFil. 641.59599 K95 2008
100 _aBarretto, Glenda
245 _aKulinarya :
_bA Guide Book to Philippine Cuisine/
_cGlenda barretto [and five others]
260 _aPasig City, Philippines :
_b Asia Philippine Foundation,
_cc2008.
300 _a240 pages :
_bcolor illustrations ;
_c 28cm.
650 _a1.Cookery-- Philippines
650 _a2. Food Habits
942 _2ddc
_cBK-FIL
_kFil
_n0
999 _c4935
_d4935